| 000 | 00436nam a2200169Ia 4500 | ||
|---|---|---|---|
| 005 | 20250319120353.0 | ||
| 008 | 231217s9999 xx 000 0 und d | ||
| 020 | _a9788131725221 | ||
| 082 | _a001.64404 DEI;2 | ||
| 100 | _aDeitel, H M. Deitel, P J. | ||
| 245 | 0 | _aInternet and world wide web : how to program | |
| 250 | _a4th ed. | ||
| 260 |
_c2009 _bTMH _aNew Delhi |
||
| 300 | _axxxi, 1329 | ||
| 650 | _aprogram | ||
| 942 | _cAA | ||
| 999 |
_c184589 _d184589 |
||